000 00764nam a2200241 i 4500
003 DO-SdBNP
005 20250722101230.0
007 ta
008 250423b2007 dr ||||| |||| 00| 0 spa d
040 _aDO-SdBNP
_bspa
_cBNPHU
_erda
041 _aspa
082 4 _axxx
_bR426L
_222
110 1 _aRepública Dominicana.
_b[Leyes, etc.]
_911088
245 1 0 _aLey no. 392-07 de competitividad e innovación industrial.
264 1 _aSanto Domingo :
_bCentro de Desarrollo y Competitividad Industrial,
_bEl Congreso Nacional,
_c2007?.
300 _a75 páginas ;
_c22 cm.
336 _atexto
_btxt
_2rdacontent
337 _asin mediación
_bn
_2rdamedia
338 _avolumen
_bnc
_2rdacarrier
590 _aInventariado, 2025 /LP
910 _aLP
942 _2ddc
_cLBS1
999 _c58762
_d58762